|
|
|
|
| LEADER |
00938nam a2200241 a 4500 |
| 001 |
12226092 |
| 008 |
090709s20032001enk b 001 0 eng d |
| 010 |
|
|
|a 00065328
|
| 020 |
|
|
|a 0415250617
|
| 020 |
|
|
|a 0415186641 (pbk.)
|
| 040 |
|
|
|a DLC
|c DLC
|d DLC
|
| 082 |
0 |
0 |
|a 801/.95/0904
|2 21
|
| 100 |
1 |
|
|a Bertens, Johannes Willem.
|
| 245 |
1 |
0 |
|a Literary theory :
|b the basics /
|c Hans Bertens.
|
| 260 |
|
|
|a London ;
|a New York :
|b Routledge,
|c c2001.[reprinted 2003]
|
| 300 |
|
|
|a xi, 256 p. ;
|c 21 cm.
|
| 504 |
|
|
|a Includes bibliographical references (p. 237-246) and index.
|
| 541 |
1 |
|
|e 00014433
|
| 650 |
|
0 |
|a Criticism
|x History
|v 20th century.
|
| 650 |
|
0 |
|a Literature
|x History and criticism
|x Theory, etc.
|
| 852 |
4 |
|
|a Ayesha Abed Library
|j General Shelf.
|
| 999 |
|
|
|c 2192
|d 2192
|
| 952 |
|
|
|0 0
|1 0
|2 ddc
|4 0
|6 801_950904000000000_BER
|7 0
|9 2019
|a BRACUL
|b BRACUL
|c GEN
|d 2009-07-09
|l 10
|m 47
|o 801.950904 BER
|p 3010014433
|r 2019-06-18
|s 2019-05-13
|t 1
|w 2009-07-09
|y BK
|